| 000 | 00816nam a22002417a 4500 | ||
|---|---|---|---|
| 003 | OSt | ||
| 005 | 20251223094745.0 | ||
| 008 | 251223b |||||||| |||| 00| 0 eng d | ||
| 020 | _a9789997101969 | ||
| 040 | _cDCL | ||
| 041 | _aEnglish | ||
| 082 | _a959.101 | ||
| 245 | 1 | 0 |
_aBagan and the world : _bearly Myanmar and its global connections / _cedited by Goh Geok Yian, John N. Miksic, Michael Aung-Thwin. |
| 260 |
_aSingapore : _bISEAS Yusof Ishak Institute, Singapore, _c2018 |
||
| 300 |
_avi, 230 pages : _c23 cm. |
||
| 504 | _aIncludes bibliographical notes and index. | ||
| 651 |
_aMyanmar _vHistory _yPagan period, 849-1287 |
||
| 651 |
_aPagan (Myanmar) _vHistory |
||
| 700 | _aGoh, Geok Yian | ||
| 700 | _aMiksic, John N., | ||
| 700 | _aAung-Thwin, Michael, | ||
| 942 |
_2ddc _cSHORT TERM _n0 |
||
| 999 |
_c2788 _d2788 |
||